Synthetic Fibers: Niplon , Polyester , Cyclic , Polyolehoin (Record no. 4413)
[ view plain ]
| 000 -LEADER | |
|---|---|
| fixed length control field | 00462nam a2200157Ia 4500 |
| 008 - FIXED-LENGTH DATA ELEMENTS--GENERAL INFORMATION | |
| fixed length control field | 151213s9999 xx 000 0 und d |
| 020 ## - INTERNATIONAL STANDARD BOOK NUMBER | |
| International Standard Book Number | 1-85573-588-1 |
| 100 ## - MAIN ENTRY--PERSONAL NAME | |
| Personal name | Ed. By J.E.Mchntyrc |
| 245 ## - TITLE STATEMENT | |
| Title | Synthetic Fibers: Niplon , Polyester , Cyclic , Polyolehoin |
| Statement of responsibility, etc. | Ed. By J.E.Mchntyrc |
| 260 ## - PUBLICATION, DISTRIBUTION, ETC. (IMPRINT) | |
| Place of publication, distribution, etc. | England |
| Name of publisher, distributor, etc. | Woodhead Publishing |
| Date of publication, distribution, etc. | 2005 |
| 300 ## - PHYSICAL DESCRIPTION | |
| Extent | 8623 p. |
| 650 ## - SUBJECT ADDED ENTRY--TOPICAL TERM | |
| Topical term or geographic name as entry element | Textile |
| 650 ## - SUBJECT ADDED ENTRY--TOPICAL TERM | |
| Topical term or geographic name as entry element | Textile Engineering |
| 700 ## - ADDED ENTRY--PERSONAL NAME | |
| Personal name | Ed. By J.E.Mchntyrc |
No items available.
